Statistics for World Leaders from the 20th Century, part 1

Click here to take the quiz!

General Stats

  • This quiz has been taken 44 times
  • The average score is 8 of 20

Answer Stats

Answer% Correct
Joseph Stalin
100%
Winston Churchill
100%
Franklin Roosevelt
98%
Theodore Roosevelt
95%
Benito Mussolini
93%
Woodrow Wilson
73%
Mustafa Kemal Atatürk
43%
Franz Joseph
40%
Paul von Hindenburg
28%
Reza Shah
23%
Stanley Baldwin
20%
Getúlio Vargas
18%
Mohammed Zahir Shah
15%
William Lyon Mackenzie King
10%
Hjalmar Branting
8%
Lázaro Cárdenas
8%
Zog I
8%
Óscar Carmona
5%
Augustín Pedro Justo
3%
Joseph Lyons
3%

Score Distribution

Percentile by Number Answered

Percent of People with Each Score

Your Score History

You have not taken this quiz